[Event "Liape Magistral 05 email"]
[Site "Liape email"]
[Date "2002.08.21"]
[Round "5"]
[White "Rivas Duran, Jesus Alberto"]
[Black "Bascetta, Biagio J"]
[Result "0-1"]
[WhiteElo "2180"]
[BlackElo "2300"]
[PlyCount "94"]
[EventDate "2002.08.17"]
[EventType "tourn (corr)"]
[EventRounds "9"]
[EventCountry "ARG"]
[SourceTitle "Corr 2006"]
[Source "ChessBase"]
[SourceDate "2006.04.01"]
[SourceVersion "3"]
[SourceVersionDate "2006.04.01"]
[SourceQuality "1"]

1. e4 e6 2. d3 d5 3. Nd2 Nf6 4. Ngf3 b6 5. g3 dxe4 6. dxe4 Bb7 7. Qe2 Nc6 8. c3 a5 9. Bg2 Ba6 10. Nc4 e5 11. 0-0 Bc5 12. Bg5 Qe7 13. Nh4 Qe6 14. b3 Bxc4 15. bxc4 0-0 16. Nf5 Ne7 17. Bh3 Nxf5 18. exf5 Qe7 19. Bg2 Rad8 20. Rfe1 h6 21. Bf4 Rde8 22. Be3 Bxe3 23. Qxe3 e4 24. h3 Qd7 25. Qf4 Qc6 26. Bf1 a4 27. Rad1 Qc5 28. Rd4 Re5 29. g4 Rfe8 30. Bg2 Qa3 31. Qd2 Qe7 32. Re3 a3 33. Qe1 Kh7 34. Qe2 g6 35. fxg6+ fxg6 36. Qd1 Kg7 37. Qe2 c5 38. Rd2 Qe6 39. Bf1 h5 40. Qd1 hxg4 41. Rd6 Qf5 42. Rxb6 R5e7 43. Rd6 Rb7 44. Rd2 Rh8 45. h4 Rxh4 46. Bg2 Qf4 47. Qe1 Qh2+ 0-1

[Event "Liape Open-002 email"]
[Site "Liape email"]
[Date "2002.08.16"]
[Round "7"]
[White "Rivas Duran, Jesus Alberto"]
[Black "Pech, Jaroslav Sr"]
[Result "0-1"]
[WhiteElo "2180"]
[BlackElo "2080"]
[PlyCount "30"]
[EventDate "2002.08.10"]
[EventType "tourn (corr)"]
[EventRounds "6"]
[EventCountry "ARG"]
[SourceTitle "Corr 2006"]
[Source "ChessBase"]
[SourceDate "2006.04.01"]
[SourceVersion "3"]
[SourceVersionDate "2006.04.01"]
[SourceQuality "1"]

1. e4 c5 2. Nf3 d6 3. d4 cxd4 4. Qxd4 Nc6 5. Bb5 Bd7 6. Bxc6 Bxc6 7. Nc3 Nf6 8. Bg5 e6 9. 0-0-0 Be7 10. Rhe1 0-0 11. Qd2 Qc7 12. Nd4 Rfd8 13. Kb1 Rab8 14. f3 b5 15. g4 b4 0-1

[Event "Liape Open-002 email"]
[Site "Liape email"]
[Date "2002.08.13"]
[Round "4"]
[White "Van Esbroeck, Jeff"]
[Black "Rivas Duran, Jesus Alberto"]
[Result "1-0"]
[WhiteElo "1800"]
[BlackElo "2180"]
[PlyCount "69"]
[EventDate "2002.08.10"]
[EventType "tourn (corr)"]
[EventRounds "6"]
[EventCountry "ARG"]
[SourceTitle "Corr 2006"]
[Source "ChessBase"]
[SourceDate "2006.04.01"]
[SourceVersion "3"]
[SourceVersionDate "2006.04.01"]
[SourceQuality "1"]

1. e4 d6 2. Nc3 Nf6 3. d4 g6 4. Nf3 Bg7 5. Be2 0-0 6. Be3 Bg4 7. 0-0 Nc6 8. Qd2 e5 9. d5 Ne7 10. Rad1 Bd7 11. Bh6 b5 12. a3 a5 13. Bxg7 Kxg7 14. Bxb5 Nxe4 15. Nxe4 Bxb5 16. Rfe1 h6 17. Nc3 Bd7 18. Nxe5 dxe5 19. d6 Bg4 20. dxe7 Qxe7 21. f3 Rfd8 22. Qe3 Rxd1 23. Rxd1 Bd7 24. f4 c6 25. fxe5 Bf5 26. Rd2 Rd8 27. Re2 Rb8 28. Na4 Rd8 29. h3 Qh4 30. Nc5 Rd1+ 31. Kh2 h5 32. Nb7 a4 33. Nc5 Qc4 34. b3 axb3 35. cxb3 1-0